000 00559 a2200181 4500
003 OSt
005 20231215102021.0
008 231215b |||||||| |||| 00| 0 eng d
020 _a9789388597128
040 _coclc
082 _a894.8128
_bAZH/A
100 0 _aAzheekode, Sukumar
_d1926-2012
_91868
245 _aAasante Seethakavyam /
_cSukumar Azheekode
250 _a12th ed.
260 _aKottayam:
_bSahithya Pravarthaka Co-operative Society Ltd.,
_c2018.
300 _a88p.
942 _2ddc
_cBK
_h894.8128
_iAZH/A
_k894.8128
_mAZH/A
999 _c44138
_d44138